[Event "Czech Open A"]
[Site "Pardubice CZE"]
[Date "2006.07.21"]
[EventDate "2006.07.21"]
[Round "1"]
[Result "1-0"]
[White "Marie Sebag"]
[Black "Christof Jansen"]
[WhiteElo "2448"]
[BlackElo "2250"]
[PlyCount "73"]

1.e4 g6 2.d4 Bg7 3.Nc3 c6 4.Be3 d5 5.e5 f6 6.f4 Nh6 7.Nf3 Bg4
8.h3 Nf5 9. hxg4 Nxe3 10.Qd3 Nxg4 11.Rxh7 Rxh7 12.Qxg6+ Kf8
13.Qxh7 e6 14.Be2 Ne3 15. Kf2 Ng4+ 16.Kg3 Ne3 17.Nh4 Nd7
18.Bh5 fxe5 19.dxe5 Qb6 20.Qg6 Nxe5 21.Qxe6 Qc7 22.fxe5 Qxe5+
23.Qxe5 Bxe5+ 24.Kf2 Nxc2 25.Rc1 Bd4+ 26.Ke2 Ne3 27.Kd3 Bb6
28.Re1 d4 29.Na4 c5 30.b4 Ba5 31.Rc1 b6 32.Nf5 Nd5 33.Re1
Nxb4+ 34.Ke4 Kg8 35.g4 Nc2 36.Ne7+ Kh8 37.Rg1 1-0

[Event "Czech Open A"]
[Site "Pardubice CZE"]
[Date "2006.07.22"]
[EventDate "2006.07.21"]
[Round "2"]
[Result "0-1"]
[White "Laura Rogule"]
[Black "Marie Sebag"]
[WhiteElo "2342"]
[BlackElo "2448"]
[PlyCount "108"]

1.e4 c5 2.Nc3 Nc6 3.g3 g6 4.Bg2 Bg7 5.Nge2 d6 6.O-O Nf6 7.f4
O-O 8.h3 e6 9.g4 d5 10.d3 d4 11.Nb1 Nd7 12.Nd2 Nb6 13.f5 Ne5
14.Qe1 c4 15.Nf4 Bd7 16. b3 cxd3 17.Nxd3 Rc8 18.Ba3 Re8
19.Nxe5 Bxe5 20.Nf3 Bg7 21.Qd2 exf5 22.gxf5 Bb5 23.Rfd1 Rxe4
24.c4 Bc6 25.fxg6 hxg6 26.Bb2 Qe7 27.Re1 Rd8 28.Rxe4 Qxe4
29.Re1 Qf5 30.Rf1 Qc5 31.Qf2 Qe7 32.Re1 Qf6 33.Rd1 Bxf3
34.Qxf3 Qxf3 35. Bxf3 Rd7 36.a4 Nc8 37.Re1 Ne7 38.Ba3 Nf5
39.Re8+ Kh7 40.Kf2 Ne3 41.a5 b6 42.Bc6 Rc7 43.Be4 f5 44.Bd3
bxa5 45.Bd6 Rb7 46.c5 Rxb3 47.Ba6 Rc3 48.Re7 Kh6 49.Bf4+ g5
50.Bd6 a4 51.Rxa7 a3 52.Bb7 Rc2+ 53.Kf3 a2 54.c6 Kh5 0-1

[Event "Czech Open A"]
[Site "Pardubice CZE"]
[Date "2006.07.26"]
[EventDate "2006.07.21"]
[Round "6"]
[Result "1-0"]
[White "Konstantin Maslak"]
[Black "Marie Sebag"]
[WhiteElo "2537"]
[BlackElo "2448"]
[PlyCount "97"]

1.e4 e5 2.Nf3 Nc6 3.Bb5 a6 4.Ba4 Nf6 5.d3 b5 6.Bb3 Be7 7.c3 d6
8.Nbd2 O-O 9.Nf1 Na5 10.Bc2 c5 11.Ng3 Nc6 12.O-O h6 13.h3 Be6
14.Qe2 Rc8 15.Rd1 Qc7 16.Nh2 d5 17.Nf5 Bxf5 18.exf5 Rfe8
19.Qf3 Qd8 20.g3 d4 21.Qe2 Qd7 22.Qf3 Qd5 23.Qxd5 Nxd5 24.c4
Nb6 25.b3 Nb4 26.Bb1 Bg5 27.Bxg5 hxg5 28.Nf3 bxc4 29.bxc4 Na4
30.a3 Nc6 31.Nxg5 Nc3 32.Re1 Rb8 33.Bc2 Rb2 34.Bd1 Na5 35.Bh5
Re7 36.Bxf7+ Rxf7 37.Nxf7 Kxf7 38.Rxe5 Nb1 39.Rxc5 Nb3 40.Rc7+
Kf6 41.Rb7 Kxf5 42.Rb6 a5 43.a4 Ke5 44.Kg2 Kf5 45.h4 Ke5
46.Kh3 Kf5 47.f3 N1d2 48.Re1 Rc2 49.f4 1-0

[Event "Czech Open A"]
[Site "Pardubice CZE"]
[Date "2006.07.27"]
[EventDate "2006.07.21"]
[Round "7"]
[Result "1-0"]
[White "Marie Sebag"]
[Black "Oksana Vozovic"]
[WhiteElo "2448"]
[BlackElo "2356"]
[PlyCount "63"]

1.e4 g6 2.d4 Bg7 3.Nc3 d6 4.Be3 a6 5.f4 b5 6.Bd3 Bb7 7.Nf3 Nf6
8.e5 dxe5 9.fxe5 Nd5 10.Nxd5 Qxd5 11.Qe2 Nc6 12.c4 bxc4
13.Bxc4 Qa5+ 14.Kf2 Nb4 15. Rhc1 c6 16.Qd2 c5 17.a3 cxd4
18.Nxd4 Nc6 19.Qxa5 Nxa5 20.Ba2 Rc8 21.Rxc8+ Bxc8 22.b4 Nb7
23.Rc1 O-O 24.Nc6 Be6 25.Bxe6 fxe6+ 26.Ke2 Ra8 27.Nxe7+ Kf8
28.Rc7 Ke8 29.Bc5 Kf7 30.Nxg6+ Kg8 31.Ne7+ Kh8 32.Nc6 1-0

[Event "Czech Open A"]
[Site "Pardubice CZE"]
[Date "2006.07.28"]
[EventDate "2006.07.21"]
[Round "8"]
[Result "1/2-1/2"]
[White "Karel Malinovsky"]
[Black "Marie Sebag"]
[WhiteElo "2346"]
[BlackElo "2448"]
[PlyCount "100"]

1.e4 e5 2.Nf3 Nc6 3.Bb5 a6 4.Ba4 Nf6 5.O-O Be7 6.Re1 b5 7.Bb3
d6 8.c3 O-O 9.d4 Bg4 10.Be3 exd4 11.cxd4 Na5 12.Bc2 Nc4 13.Bc1
c5 14.b3 Nb6 15.Bb2 Re8 16.Nbd2 Nfd7 17.Qb1 Nf8 18.dxc5 dxc5
19.e5 Qc7 20.Be4 Rad8 21.Qc2 Be6 22. Rac1 Nd5 23.Nf1 Nb4
24.Qb1 Bd5 25.Bxd5 Rxd5 26.Ne3 Rdd8 27.Red1 Rxd1+ 28. Rxd1 Rd8
29.a3 Rxd1+ 30.Qxd1 Nc6 31.Nf5 Ne6 32.Qd5 Bf8 33.g3 Na5 34.Nd2
Qc6 35.Qd3 c4 36.Qc3 Qb6 37.bxc4 Nxc4 38.Nxc4 bxc4 39.Nd6 Bxd6
40.exd6 Qb5 41.Bc1 f6 42.Qf3 Kf7 43.a4 Qb1 44.Qe3 Qb7 45.h4 h5
46.Ba3 Qb3 47.Qa7+ Kg6 48.Qe7 Qd1+ 49.Kh2 Qd2 50.Qxe6 Qxf2+
1/2-1/2

[Event "13th Graz International"]
[Site "Graz AUT"]
[Date "2006.09.16"]
[EventDate "2006.09.16"]
[Round "1"]
[Result "1/2-1/2"]
[White "Marie Sebag"]
[Black "Spyridon Papakonstantinou"]
[WhiteElo "2448"]
[BlackElo "2147"]
[PlyCount "121"]

1. e4 c5 2. c3 d5 3. exd5 Qxd5 4. d4 e6 5. Na3 cxd4 6. Nb5 Na6
7. Qxd4 Nf6 8. Be3 Qxd4 9. Bxd4 b6 10. Be5 Be7 11. Nd6+ Bxd6
12. Bxd6 Nc5 13. Rd1 Nfe4 14. Be5 f6 15. Bc7 Ba6 16. Bxa6 Nxa6
17. Bf4 g5 18. Be3 Ke7 19. Ne2 Rac8 20. Ng3 Nd6 21. h4 h6
22. Ke2 Nc7 23. a4 Nd5 24. Bc1 a6 25. Rd4 b5 26. Rhd1 Rc4
27. axb5 Rxd4 28. Rxd4 axb5 29. hxg5 hxg5 30. Rd1 Rh2 31. Rg1
Rh4 32. f3 b4 33. cxb4 Rxb4 34. Rh1 Kd7 35. Rh7+ Kc6 36. Kf1
Nf4 37. Bxf4 gxf4 38. Nh5 Rxb2 39. Nxf4 e5 40. Nd3 Rd2 41. Nf2
Kd5 42. Re7 f5 43. g4 fxg4 44. fxg4 Ne4 45. Nxe4 Kxe4 46. Rf7
Rh2 47. g5 Rh5 48. g6 Rg5 49. g7 Kd5 50. Kf2 Ke6 51. Ra7 Kf6
52. Ra6+ Kxg7 53. Kf3 Kf7 54. Ke4 Kg7 55. Rb6 Rg6 56. Rb7+ Kf6
57. Rb6+ Kg7 58. Rb5 Rg4+ 59. Kf5 Rg2 60. Rb7+ Kh6 61. Kxe5
1/2-1/2

[Event "13th Graz International"]
[Site "Graz AUT"]
[Date "2006.09.17"]
[EventDate "2006.09.16"]
[Round "2"]
[Result "1/2-1/2"]
[White "Herbert Zoebisch"]
[Black "Marie Sebag"]
[WhiteElo "2194"]
[BlackElo "2448"]
[PlyCount "110"]

1. d4 d5 2. c4 c6 3. Nf3 Nf6 4. Nc3 a6 5. e3 b5 6. b3 Bg4
7. Be2 Nbd7 8. O-O Qb8 9. cxd5 cxd5 10. h3 Bh5 11. Bb2 e6
12. Ne5 Bxe2 13. Nxe2 Bd6 14. f4 O-O 15. Rc1 Qb7 16. Ng3 Rfc8
17. Rf2 Ne4 18. Nxe4 dxe4 19. Nxd7 Qxd7 20. Rfc2 h6 21. Rxc8+
Rxc8 22. Rxc8+ Qxc8 23. Qe1 Qb7 24. Qc3 f5 25. Kf1 Kh7 26. Kf2
Qd7 27. Kg1 Be7 28. Qc2 Bh4 29. Qc5 Qf7 30. Qc2 Qg6 31. Bc3
Qg3 32. Qe2 Kg8 33. Bb4 Kh7 34. Bd2 Kg8 35. Bb4 g5 36. fxg5
hxg5 37. Bd2 Qc7 38. Qd1 Kg7 39. Be1 Bxe1 40. Qxe1 Qc2 41. Qg3
Qxa2 42. Qxg5+ Kf7 43. Qh5+ Ke7 44. Qg5+ Kd7 45. h4 f4
46. Qxf4 Qxb3 47. Kh2 Qd5 48. Qf7+ Kd8 49. h5 Qg5 50. Qf8+ Kd7
51. h6 Qh4+ 52. Kg1 Qe1+ 53. Kh2 Qh4+ 54. Kg1 Qe1+ 55. Kh2
Qh4+ 1/2-1/2

[Event "13th Graz International"]
[Site "Graz AUT"]
[Date "2006.09.18"]
[EventDate "2006.09.16"]
[Round "3"]
[Result "1-0"]
[White "Marie Sebag"]
[Black "Peter Kokol"]
[WhiteElo "2448"]
[BlackElo "2165"]
[PlyCount "109"]

1. e4 c5 2. Nf3 Nc6 3. c3 Nf6 4. e5 Nd5 5. d4 cxd4 6. cxd4 e6
7. Bc4 d6 8. O-O Be7 9. Qe2 O-O 10. Nc3 Nxc3 11. bxc3 dxe5
12. dxe5 Qa5 13. Qe4 Qa4 14. Bg5 h6 15. Bxe7 Nxe7 16. Rfb1 Rd8
17. h4 Rb8 18. Bd3 Qxe4 19. Bxe4 b6 20. Rd1 Ba6 21. Rd6 Rxd6
22. exd6 Nd5 23. Bxd5 exd5 24. Re1 Kf8 25. Re5 Rd8 26. Re7
Rxd6 27. Rxa7 Bc4 28. Ne5 Re6 29. f4 Re7 30. Ra8+ Re8 31. Nd7+
Ke7 32. Ra7 Kd6 33. Nxb6 Re1+ 34. Kh2 Re3 35. Nxc4+ dxc4
36. Rxf7 Rxc3 37. Rxg7 Ra3 38. Rg6+ Kd5 39. Rxh6 c3 40. Rh8
Ra6 41. Rh5+ Kd4 42. Re5 c2 43. Re1 Rxa2 44. Kh3 Ra8 45. Kg4
Rc8 46. Rc1 Ke4 47. f5 Rg8+ 48. Kh3 Rc8 49. f6 Kd3 50. g4 Kd2
51. Rxc2+ Kxc2 52. g5 Rf8 53. Kg4 Kd3 54. Kf5 Kd4 55. g6 1-0

[Event "13th Graz International"]
[Site "Graz AUT"]
[Date "2006.09.19"]
[EventDate "2006.09.16"]
[Round "4"]
[Result "0-1"]
[White "Miran Zupe"]
[Black "Marie Sebag"]
[WhiteElo "2378"]
[BlackElo "2448"]
[PlyCount "60"]

1. e4 e5 2. Nf3 Nc6 3. Bb5 a6 4. Ba4 Nf6 5. Bxc6 dxc6 6. d3
Nd7 7. Nbd2 Bd6 8. O-O O-O 9. Nc4 c5 10. a4 f6 11. h3 Nb8
12. Nh2 Nc6 13. Ng4 Be6 14. b3 Qd7 15. a5 Rae8 16. Bb2 Ne7
17. Bc1 Ng6 18. Nxd6 cxd6 19. f4 f5 20. exf5 Rxf5 21. fxe5
Rxf1+ 22. Kxf1 dxe5 23. Be3 Bd5 24. Qd2 Nh4 25. Kg1 h5 26. Bg5
Nxg2 27. Nf2 Rf8 28. Qe2 Qf5 29. h4 Nf4 30. Qe3 Nh3+ 0-1

[Event "13th Graz International"]
[Site "Graz AUT"]
[Date "2006.09.20"]
[EventDate "2006.09.16"]
[Round "5"]
[Result "1-0"]
[White "Marie Sebag"]
[Black "Andreas Diermair"]
[WhiteElo "2448"]
[BlackElo "2357"]
[PlyCount "107"]

1. e4 e5 2. Nf3 Nc6 3. Bc4 Nf6 4. d3 Bc5 5. c3 a6 6. O-O d6
7. Bb3 Ba7 8. h3 h6 9. Be3 O-O 10. Bxa7 Rxa7 11. Nbd2 Re8
12. Re1 Nh5 13. Nc4 Nf4 14. Ne3 Ra8 15. Kh2 Ne7 16. d4 Neg6
17. dxe5 Nxe5 18. Nxe5 Rxe5 19. Qf3 Qf6 20. Rad1 Bd7 21. g3
Nd5 22. Qxf6 Nxf6 23. Nd5 Nxd5 24. Bxd5 Rae8 25. Re3 Be6
26. f4 Rh5 27. Bxe6 Rxe6 28. e5 Rf5 29. exd6 Rxd6 30. Rxd6
cxd6 31. Rd3 Rf6 32. Kg2 Kf8 33. c4 Re6 34. Kf3 f5 35. Rd5 g6
36. g4 fxg4+ 37. hxg4 Ke7 38. Rd3 Kd7 39. Rd1 Rf6 40. Rh1 g5
41. f5 Kc6 42. b4 d5 43. c5 a5 44. Ke3 axb4 45. Kd4 b6
46. cxb6 Kxb6 47. Ke5 Rf8 48. f6 Kc6 49. Rxh6 Kc5 50. Rh1 Re8+
51. Kf5 d4 52. Kxg5 d3 53. f7 Rd8 54. Kf6 1-0

[Event "13th Graz International"]
[Site "Graz AUT"]
[Date "2006.09.21"]
[EventDate "2006.09.16"]
[Round "6"]
[Result "1/2-1/2"]
[White "Ilija Balinov"]
[Black "Marie Sebag"]
[WhiteElo "2454"]
[BlackElo "2448"]
[PlyCount "119"]

1. d4 d5 2. c4 c6 3. Nf3 Nf6 4. Nc3 dxc4 5. a4 Bf5 6. Ne5 e6
7. f3 Bb4 8. e4 Bxe4 9. fxe4 Nxe4 10. Bd2 Qxd4 11. Nxe4 Qxe4+
12. Qe2 Bxd2+ 13. Kxd2 Qd5+ 14. Kc2 Na6 15. Nxc4 O-O 16. Qe5
Rab8 17. Be2 Nb4+ 18. Kb3 b5 19. Qxd5 cxd5 20. Na3 bxa4+
21. Kxa4 Nc6 22. Bb5 Nd4 23. b4 Rb6 24. Rhb1 Rc8 25. Bf1 Rbc6
26. Bb5 Rc3 27. Bd7 R8c7 28. Nb5 Nxb5 29. Bxb5 Rc2 30. Bf1 Kf8
31. Rb3 Ke7 32. Rg3 g6 33. Kb3 R2c6 34. Bb5 Rb6 35. Be2 Rbc6
36. Bb5 Rb6 37. Be2 d4 38. b5 e5 39. Kb4 e4 40. Rga3 d3
41. Rxa7 Rxa7 42. Rxa7+ Kd8 43. Bf1 Rf6 44. Ra1 Rf2 45. Kc3
Kc7 46. Kd4 f5 47. Rb1 Kb6 48. h4 h5 49. Ke3 Rc2 50. Rb3 Ra2
51. g3 Ra1 52. Bxd3 exd3 53. Rxd3 Kxb5 54. Rd6 Ra3+ 55. Kf2
Ra2+ 56. Kf3 Ra3+ 57. Kf2 Ra2+ 58. Ke3 Ra3+ 59. Kf2 Ra2+
60. Kf3 1/2-1/2

[Event "13th Graz International"]
[Site "Graz AUT"]
[Date "2006.09.22"]
[EventDate "2006.09.16"]
[Round "7"]
[Result "1-0"]
[White "Davit Shengelia"]
[Black "Marie Sebag"]
[WhiteElo "2490"]
[BlackElo "2448"]
[PlyCount "163"]

1. d4 d5 2. c4 c6 3. e3 Nf6 4. Nc3 a6 5. Bd3 b5 6. cxd5 cxd5
7. Nge2 Bb7 8. Bd2 e6 9. a4 b4 10. Na2 a5 11. Nac1 Nbd7
12. O-O Bd6 13. f3 O-O 14. Be1 Nb6 15. b3 Qc7 16. Bg3 e5
17. dxe5 Bxe5 18. Bb5 Bxg3 19. hxg3 Nc8 20. Qd4 Nd6 21. Bd3
Rfe8 22. Nf4 Rad8 23. g4 h6 24. Re1 Qe7 25. Bb5 Rf8 26. Ncd3
Rc8 27. Rac1 Rxc1 28. Rxc1 Rc8 29. Rxc8+ Nxc8 30. Nc5 Ba8
31. Bd3 Qc7 32. Na6 Qc1+ 33. Kf2 Qc6 34. Qc5 Qxc5 35. Nxc5 Kf8
36. Ba6 Na7 37. Ne2 Ke7 38. Nd4 Kd6 39. Nd3 g6 40. Bb5 Bb7
41. Kg3 Bc8 42. Kh4 g5+ 43. Kg3 h5 44. gxh5 Nxh5+ 45. Kf2 Ng7
46. Nc1 Nf5 47. Nce2 Nxd4 48. Nxd4 Ke5 49. g3 Nxb5 50. Nxb5
Bd7 51. f4+ gxf4 52. gxf4+ Ke6 53. Nd4+ Kd6 54. Kg3 Ke7
55. Kh4 Kf6 56. Kh5 Kg7 57. Kg5 f6+ 58. Kh5 Kh7 59. Kh4 Kg6
60. Kg3 Kf7 61. Kf2 Ke7 62. Ke2 Kd6 63. Kd2 Kc5 64. Ne2 Bf5
65. Ng3 Be4 66. Nh5 f5 67. Ng3 d4 68. Nxe4+ fxe4 69. exd4+
Kxd4 70. Ke2 Kc3 71. f5 Kxb3 72. f6 Ka2 73. f7 b3 74. f8=Q b2
75. Qf7+ Ka1 76. Qf6 Ka2 77. Qe6+ Ka1 78. Qe5 Ka2 79. Qd5+ Ka1
80. Qxe4 b1=Q 81. Qxb1+ Kxb1 82. Kd3 1-0

[Event "13th Graz International"]
[Site "Graz AUT"]
[Date "2006.09.23"]
[EventDate "2006.09.16"]
[Round "8"]
[Result "1-0"]
[White "Marie Sebag"]
[Black "Walter Wittmann"]
[WhiteElo "2448"]
[BlackElo "2361"]
[PlyCount "77"]

1. e4 c5 2. Nf3 d6 3. d4 cxd4 4. Nxd4 Nf6 5. Nc3 Nc6 6. Bg5 e6
7. Qd2 a6 8. O-O-O Bd7 9. f3 Be7 10. Kb1 Rc8 11. Nxc6 Rxc6
12. Be3 Qc7 13. g4 Bc8 14. Ne2 Qb8 15. Nd4 Rc7 16. g5 Nd7
17. h4 b5 18. h5 Nc5 19. Bh3 b4 20. Qh2 a5 21. g6 fxg6
22. hxg6 h6 23. Bg4 Bf6 24. Nb3 a4 25. Nxc5 dxc5 26. Bf4 b3
27. cxb3 axb3 28. a3 e5 29. Bd2 O-O 30. Bc3 Re7 31. Bxc8 Qxc8
32. Rd5 Re6 33. Rhd1 Rfe8 34. Rd7 Bg5 35. Qh3 Rxg6 36. f4 exf4
37. Qf5 Bf6 38. e5 Rxe5 39. Rxg7+ 1-0

[Event "13th Graz International"]
[Site "Graz AUT"]
[Date "2006.09.24"]
[EventDate "2006.09.16"]
[Round "9"]
[Result "0-1"]
[White "Domen Krumpacnik"]
[Black "Marie Sebag"]
[WhiteElo "2385"]
[BlackElo "2448"]
[PlyCount "116"]

1. d4 d5 2. Bf4 Nf6 3. e3 e6 4. Nf3 c5 5. c3 Nc6 6. Nbd2 Bd6
7. Bxd6 Qxd6 8. Be2 O-O 9. O-O e5 10. dxe5 Nxe5 11. Nxe5 Qxe5
12. Nf3 Qe7 13. Qa4 Bd7 14. Qf4 Rfe8 15. Rad1 Bc6 16. Bd3 Rad8
17. Bc2 h6 18. h3 a5 19. a3 Ne4 20. Nd2 Ng5 21. Rfe1 d4
22. cxd4 cxd4 23. e4 d3 24. Bb1 Qc5 25. Qe3 Ne6 26. Nf1 Qxe3
27. Rxe3 Nc5 28. f3 Ba4 29. Rd2 Rd4 30. Ng3 g6 31. Ne2 Rd7
32. Nc1 Bb5 33. Kf2 Red8 34. b3 Rc8 35. Re1 a4 36. bxa4 Nxa4
37. Nxd3 Rc3 38. Red1 Rxa3 39. Ne5 Rxd2+ 40. Rxd2 Nc3 41. Rd8+
Kg7 42. Bd3 Bxd3 43. Nxd3 Ra2+ 44. Ke3 Nd1+ 45. Kf4 g5+
46. Ke5 Rd2 47. Rd4 b5 48. g3 Ne3 49. f4 b4 50. f5 b3 51. h4
b2 52. f6+ Kg6 53. Nxb2 Ng4+ 54. Kd5 Nxf6+ 55. Ke5 Rxb2
56. Rd6 Kg7 57. hxg5 hxg5 58. Kf5 Rf2+ 0-1

[Event "TCh-BEL -7"]
[Site "Belgium BEL"]
[Date "2006.10.01"]
[EventDate "2006.01.01"]
[Round "1"]
[Result "0-1"]
[White "Maarten Praet"]
[Black "Marie Sebag"]
[WhiteElo "2205"]
[BlackElo "2415"]
[PlyCount "90"]

1.e4 e5 2.Nf3 Nc6 3.d4 exd4 4.Nxd4 Nf6 5.Nc3 Bb4 6.Nxc6 bxc6
7.Bd3 d5 8. exd5 cxd5 9.O-O O-O 10.Bg5 c6 11.Qf3 Be7 12.Rfe1
Re8 13.Ne2 h6 14.Bf4 c5 15.c4 Be6 16.Rad1 d4 17.h3 Qa5 18.g4
Nh7 19.Ng3 Ng5 20.Qg2 Bf8 21.Bd2 Qa6 22.b3 Bd7 23.Bxg5 hxg5
24.Qd5 Qc6 25.Qxg5 Rxe1+ 26.Rxe1 Re8 27.Rxe8 Bxe8 28.Be4 Qe6
29.Qd5 Qxd5 30.Bxd5 g6 31.Kg2 Kg7 32.Kf3 Kf6 33.Ne4+ Ke5
34.Kg3 d3 35.Kf3 f5 36.Ng5 Kd4 37.Ne6+ Kc3 38.Ke3 Bd6 39.Bf3
Be5 40.Bd1 Bf7 41. gxf5 gxf5 42.f4 Bf6 43.Nf8 Bd4+ 44.Kf3 Kd2
45.Nd7 Kxd1 0-1

[Event "Cap d'Agde"]
[Site "Cap d'Agde FRA"]
[Date "2006.10.27"]
[EventDate "2006.??.??"]
[Round "2"]
[Result "0-1"]
[White "Marie Sebag"]
[Black "Sergey Karjakin"]
[WhiteElo "2471"]
[BlackElo "2672"]
[PlyCount "68"]

1. e4 c5 2. c3 Nf6 3. e5 Nd5 4. d4 cxd4 5. Nf3 Nc6 6. cxd4 d6
7. Bc4 Nb6 8. Bb5 dxe5 9. Nxe5 Bd7 10. Nxd7 Qxd7 11. Nc3 e6
12. O-O Rd8 13. a4 a6 14. Bxc6 Qxc6 15. Bg5 f6 16. Be3 Be7
17. Qh5+ g6 18. Qh6 Kf7 19. Rfc1 Nd5 20. Nxd5 Qxd5 21. Rc7 Rd7
22. Rac1 Rxc7 23. Rxc7 Qa5 24. Rxe7+ Kxe7 25. Qg7+ Kd6
26. Bf4+ Kd5 27. Qxb7+ Kc4 28. b3+ Kc3 29. Qc6+ Kb2 30. Qxe6
Qf5 31. Qxf5 gxf5 32. d5 Rd8 33. d6 Kxb3 34. a5 Ka4 0-1

[Event "Cap d'Agde"]
[Site "Cap d'Agde FRA"]
[Date "2006.10.27"]
[EventDate "2006.??.??"]
[Round "3"]
[Result "1-0"]
[White "Laurent Fressinet"]
[Black "Marie Sebag"]
[WhiteElo "2640"]
[BlackElo "2471"]
[PlyCount "65"]

1. d4 d5 2. c4 c6 3. Nf3 Nf6 4. e3 e6 5. Bd3 Nbd7 6. Nc3 dxc4
7. Bxc4 b5 8. Bd3 Bd6 9. O-O O-O 10. Qc2 Bb7 11. a3 h6 12. h3
a5 13. e4 e5 14. dxe5 Nxe5 15. Nxe5 Bxe5 16. Be3 Re8 17. Rad1
Qe7 18. Ne2 Rad8 19. f4 Bd6 20. Ng3 Nd5 21. Bc1 Bc5+ 22. Kh1
Ne3 23. Bxe3 Bxe3 24. Nf5 Qc5 25. Qe2 Bd4 26. e5 Bc8 27. Ng3
Qe7 28. Bf5 Qh4 29. Kh2 Bb7 30. Bh7+ Kxh7 31. Nf5 Qxf4+
32. Rxf4 Bxe5 33. Qxe5 1-0

[Event "Cap d'Agde"]
[Site "Cap d'Agde FRA"]
[Date "2006.10.28"]
[EventDate "2006.??.??"]
[Round "4"]
[Result "1-0"]
[White "Marie Sebag"]
[Black "Alexandra Kosteniuk"]
[WhiteElo "2471"]
[BlackElo "2534"]
[PlyCount "87"]

1. e4 e5 2. Nf3 Nc6 3. Bb5 a6 4. Ba4 Nf6 5. O-O Be7 6. Re1 b5
7. Bb3 O-O 8. a4 Bb7 9. d3 d6 10. Nbd2 Qd7 11. Nf1 Nd8
12. axb5 axb5 13. Rxa8 Bxa8 14. Ng3 Ne6 15. c3 c5 16. Nf5 Bd8
17. h3 Bb6 18. Be3 Qc7 19. Nh2 Rd8 20. Ng4 Nxg4 21. Qxg4 d5
22. Bh6 g6 23. Qh4 gxf5 24. exf5 f6 25. fxe6 Qe7 26. Rxe5 Bc7
27. Re1 d4 28. Qh5 c4 29. dxc4 Bc6 30. cxb5 Be8 31. Qg4+ Bg6
32. cxd4 Kh8 33. Qf3 Rg8 34. Bd2 Be8 35. Bc3 Rg5 36. d5 Kg7
37. h4 Rg6 38. Bc2 Rh6 39. Qg4+ Kh8 40. Qg5 Qg7 41. Qxg7+ Kxg7
42. Ra1 Bd6 43. Ra6 Be5 44. Ra7+ 1-0

[Event "Cap d'Agde"]
[Site "Cap d'Agde FRA"]
[Date "2006.10.28"]
[EventDate "2006.??.??"]
[Round "5"]
[Result "1-0"]
[White "Pentala Harikrishna"]
[Black "Marie Sebag"]
[WhiteElo "2674"]
[BlackElo "2471"]
[PlyCount "73"]

1. c4 e5 2. Nc3 Nf6 3. Nf3 Nc6 4. a3 g6 5. e3 Bg7 6. Be2 O-O
7. d3 d6 8. O-O h6 9. Qc2 Be6 10. b4 Nh7 11. b5 Ne7 12. d4 Bf5
13. Qd1 c6 14. a4 exd4 15. Nxd4 Bd7 16. Bb2 Ng5 17. Qd2 d5
18. bxc6 bxc6 19. cxd5 cxd5 20. Ba3 Ne4 21. Nxe4 dxe4 22. Rac1
Re8 23. Qa2 Nf5 24. Nxf5 Bxf5 25. Bb5 Be6 26. Qc2 Rc8 27. Qe2
Bd7 28. Rfd1 Rxc1 29. Bxc1 Bxb5 30. Rxd8 Bxe2 31. Rxe8+ Kh7
32. Rxe4 a6 33. Re7 Bc4 34. Rb7 g5 35. Bb2 Bf8 36. Rc7 Bb3
37. a5 1-0

[Event "Cap d'Agde"]
[Site "Cap d'Agde FRA"]
[Date "2006.10.29"]
[EventDate "2006.10.27"]
[Round "6"]
[Result "1/2-1/2"]
[White "Marie Sebag"]
[Black "Parimarjan Negi"]
[WhiteElo "2471"]
[BlackElo "2538"]
[PlyCount "58"]

1. e4 e5 2. Nf3 Nc6 3. Bb5 a6 4. Ba4 Nf6 5. O-O Be7 6. Re1 b5
7. Bb3 O-O 8. a4 b4 9. d4 d6 10. dxe5 dxe5 11. Qxd8 Rxd8
12. Bg5 Rb8 13. Nbd2 h6 14. Be3 Bb7 15. a5 Ng4 16. Nc4 Nxe3
17. Nxe3 Nd4 18. Nxe5 Nxb3 19. cxb3 Bxe4 20. Rac1 Rb5 21. N3c4
Bg5 22. Rcd1 Rxd1 23. Rxd1 Bc2 24. Rd7 Bxb3 25. Rxc7 Bf6
26. Nd7 Bxc4 27. Rc8+ Kh7 28. Nf8+ Kg8 29. Nd7+ Kh7 1/2-1/2

[Event "TCh-BEL -7"]
[Site "Belgium BEL"]
[Date "2006.11.19"]
[EventDate "2006.10.01"]
[Round "4"]
[Result "1/2-1/2"]
[White "Alexandre Dgebuadze"]
[Black "Marie Sebag"]
[WhiteElo "2527"]
[BlackElo "2471"]
[PlyCount "73"]

1.e4 e5 2.Nf3 Nc6 3.Bc4 Nf6 4.d3 Be7 5.O-O O-O 6.Re1 d6 7.c3
Na5 8.Bb5 a6 9.Ba4 b5 10.Bc2 c5 11.Nbd2 Nd7 12.a3 Nb6 13.b4
Nc6 14.Rb1 Be6 15.h3 Rc8 16.Nf1 Qc7 17.Ne3 Rfe8 18.Bb3 Bxb3
19.Qxb3 Bf8 20.Bd2 Rb8 21.Nd5 Nxd5 22. exd5 Ne7 23.c4 Nc8
24.Rbc1 f6 25.g4 Ne7 26.cxb5 Rxb5 27.d4 Kh8 28.dxe5 dxe5 29.a4
Rbb8 30.Qd3 Rbd8 31.Rxc5 Qb7 32.d6 Nc8 33.Qd5 Qd7 34.Qc6 Qxd6
35.Qxd6 Bxd6 36.Rc2 Nb6 37.Ra1 1/2-1/2

[Event "Aguascalientes"]
[Site "Aguascalientes"]
[Date "2007.??.??"]
[EventDate "?"]
[Round "7"]
[Result "0-1"]
[White "Guillermo Dominguez Aguilar"]
[Black "Marie Sebag"]
[WhiteElo "2412"]
[BlackElo "2491"]
[PlyCount "62"]

1.e4 c5 2.Nf3 d6 3.d4 cxd4 4.Nxd4 Nf6 5.Nc3 a6 6.Bg5 e6 7.f4
Qc7 8.Qf3 b5 9.O-O-O b4 10.Nce2 Nbd7 11.Ng3 Bb7 12.Kb1 Be7
13.Bd3 O-O 14.Nh5 Rfc8 15.Rhe1 Qb6 16.Nb3 a5 17.Nxf6+ Bxf6
18.Bxf6 Nxf6 19.g4 a4 20.Nd2 a3 21.bxa3 bxa3+ 22.Nb3 Qb4 23.g5
Qc3 24.Kc1 Nd7 25.Qh3 Nc5 26.Nxc5 dxc5 27.e5 g6 28.f5 Bd5
29.Qh6 Rab8 30.Qh3 Bb7 31.Qf3 Ra8 0-1

[Event "TCh-BEL 2006-7"]
[Site "Belgium BEL"]
[Date "2007.01.14"]
[EventDate "2007.01.02"]
[Round "6"]
[Result "1-0"]
[White "Sebastien Maze"]
[Black "Marie Sebag"]
[WhiteElo "2506"]
[BlackElo "2477"]
[PlyCount "65"]

1.e4 e5 2.Nf3 Nc6 3.Bb5 Nf6 4.d3 d6 5.O-O a6 6.Bxc6+ bxc6
7.Re1 Be7 8.c3 O-O 9.Nbd2 Re8 10.d4 exd4 11.cxd4 Bf8 12.b3 Bg4
13.Bb2 d5 14.e5 Nd7 15.Qc2 c5 16.dxc5 Nxc5 17.Nd4 Ne6 18.h3
Bh5 19.Nxe6 fxe6 20.Bd4 Qh4 21.Qc3 Re7 22.b4 Rf7 23.Nb3 Be7
24.Qc6 Raf8 25.Qxe6 Bxb4 26.Qxd5 Bxe1 27.Rxe1 Qg5 28. Be3 Qg6
29.g4 Bxg4 30.hxg4 Qxg4+ 31.Qg2 Qe6 32.Bc5 Re8 33.Bd4 1-0

[Event "TCh-FRA Top 16 GpB"]
[Site "Metz FRA"]
[Date "2007.02.09"]
[EventDate "2007.02.09"]
[Round "1"]
[Result "1/2-1/2"]
[White "Marie Sebag"]
[Black "Oleg Gladyszev"]
[WhiteElo "2477"]
[BlackElo "2455"]
[PlyCount "84"]

1.e4 c5 2.Nf3 Nc6 3.c3 Nf6 4.e5 Nd5 5.d4 cxd4 6.cxd4 d6 7.Bc4
Nb6 8.Bb5 dxe5 9.Nxe5 Bd7 10.Nxd7 Qxd7 11.Nc3 Rd8 12.O-O a6
13.Bxc6 Qxc6 14.Be3 Nd5 15.Rc1 e6 16.Nxd5 Qxd5 17.Qa4+ Qd7
18.Qxd7+ Kxd7 19.d5 Bd6 20.dxe6+ Kxe6 21.Rfe1 Kf5 22.Bb6 Rde8
23.Red1 Rc8 24.Rd5+ Ke6 25.Rcd1 Bc7 26.g3 Bxb6 27. Rd6+ Ke7
28.Rxb6 Rc7 29.Rb4 Rhc8 30.Rd3 Kf8 31.Rdb3 b5 32.a4 bxa4
33.Rxa4 Rc6 34.Rb7 Rf6 35.Rd4 g5 36.Rd2 Kg7 37.Kg2 Rcc6 38.b4
Rf5 39.h3 h5 40.Ra2 h4 41.g4 Rf4 42.b5 axb5 1/2-1/2

[Event "TCh-FRA Top 16 GpB"]
[Site "Metz FRA"]
[Date "2007.02.10"]
[EventDate "2007.02.09"]
[Round "2"]
[Result "1/2-1/2"]
[White "Konstantin Sakaev"]
[Black "Marie Sebag"]
[WhiteElo "2641"]
[BlackElo "2477"]
[PlyCount "39"]

1.d4 d5 2.c4 c6 3.Nf3 Nf6 4.Nc3 dxc4 5.a4 Bf5 6.e3 e6 7.Bxc4
Bb4 8.O-O Nbd7 9.Nh4 Bg6 10.g3 O-O 11.Nxg6 hxg6 12.Qc2 Rc8
13.Rd1 Qe7 14.b3 Rfd8 15. Bb2 Nb6 16.Na2 Nxc4 17.bxc4 Ba5
18.Rd3 c5 19.Ba3 Qd7 20.Nc1 1/2-1/2

[Event "TCh-FRA Top 16 GpB"]
[Site "Metz FRA"]
[Date "2007.02.11"]
[EventDate "2007.02.09"]
[Round "3"]
[Result "1/2-1/2"]
[White "Marie Sebag"]
[Black "Gabor Kallai"]
[WhiteElo "2477"]
[BlackElo "2495"]
[PlyCount "124"]

1.e4 c6 2.d4 d5 3.Nc3 dxe4 4.Nxe4 Nd7 5.Nf3 Ngf6 6.Nxf6+ Nxf6
7.Ne5 Nd7 8. Nd3 e6 9.Bf4 Qb6 10.c3 c5 11.Be3 Be7 12.Be2 O-O
13.dxc5 Nxc5 14.O-O Qc7 15.Nxc5 Bxc5 16.Bxc5 Qxc5 17.Bf3 Qc7
18.Qb3 Bd7 19.Qxb7 Qxb7 20.Bxb7 Rab8 21.Bf3 Rxb2 22.Rfd1 Bb5
23.a4 Be2 24.Rd7 a6 25.Bxe2 Rxe2 26.g3 Rb8 27.Ra7 g6 28.Rxa6
Rbb2 29.Rf1 Ra2 30.a5 Rec2 31.Rc6 Rxa5 32.Kg2 g5 33.Kf3 Kg7
34. Ke3 Raa2 35.g4 Kg6 36.Rc7 Re2+ 37.Kf3 Rec2 38.h3 e5 39.Rc4
f6 40.Rc6 e4+ 41.Kg3 Rd2 42.h4 gxh4+ 43.Kxh4 Rxf2 44.Rxf2 Rxf2
45.Rc8 Rf4 46.Kg3 Rf3+ 47.Kh4 h5 48.gxh5+ Kf5 49.h6 Rf1 50.Kg3
Rg1+ 51.Kf2 Rh1 52.Rh8 Kf4 53.h7 f5 54.c4 e3+ 55.Kg2 Rh6 56.c5
Rg6+ 57.Kf1 Rg7 58.Ke2 Rg2+ 59.Kf1 Rg7 60. Ke2 Rg2+ 61.Kf1 Rg7
62.Ke2 Rg2+ 1/2-1/2